01137nam a2200325 i 450000500170000000700030001700800410002002000150006104000350007604100080011104300120011908400110013110000300014224500970017225000230026926400290029230000620032133600270038333700330041033800280044352100530047153400290052465000510055365000510060465000410065565000430069670000420073994200150078199900150079620220317000939.0ta200417s2005 sp a gr 000 0 spa d a8484702251 aCO-BoRNBPbspaerdacCO-BoRNBP1 heng as-ck--- aC NOR11 aNorac, Carld1960-eautor10aHola, cielocCarl Norac ; ilustraciones de Claude K. Dubois ; traducciónbAnna Coll-Vinent aPrimera edición  1aBarcelonabCorimboc2005 a[28] páginas sin enumerarbilustraciones a colorc18 cm atextobtxt2rdacontent asin mediaciónbn2rdamedia avolumenbnc2rdacarrier aRecomendado para niños de 5 años en adelante tBonjour, mon petit coeur17aCuentos infantiles francesesySiglo XX2ARMARC17aLiteratura infantil francesaySiglo XX2ARMARC17aAnimalesvCuentos infantiles2ARMARC17aLibros ilustrados para niños2ARMARC1 aDubois, Claude K.eilustrador 986103 2loccBKLIT c5486d5486